000 005760000a22001810004500
003 MACL
005 20160601125321.0
008 160601b xxu||||| |||| 00| 0 eng d
040 _aMACL
_cMACL
041 _aHindi
082 _a910
100 _aडॉ निर्मल, रमेश
_961233
245 _aकालजयी उज्‍जयिनी
_bभाग - 1
_cडॉ रमेश निर्मल
260 _bअन्विति प्रकाशन
_c2005
_aमुम्‍बई
350 _a2000
650 _aTravel
_961234
942 _cHIN
_k910
_2ddc
999 _c11463
_d11463